|
|
|
|
| LEADER |
00000cam a22000004a 4500 |
| 001 |
musev2_51528 |
| 003 |
MdBmJHUP |
| 005 |
20230905045454.0 |
| 006 |
m o d |
| 007 |
cr||||||||nn|n |
| 008 |
170211s2016 enk o 00 0 eng d |
| 020 |
|
|
|a 9781526117588
|
| 020 |
|
|
|z 1526117584
|
| 020 |
|
|
|z 9780719099557
|
| 035 |
|
|
|a (OCoLC)980815132
|
| 040 |
|
|
|a MdBmJHUP
|c MdBmJHUP
|
| 245 |
0 |
0 |
|a Cultures of governance and peace :
|b A comparison of EU and Indian theoretical and policy approaches /
|c edited by J. Peter Burgess., Oliver P. Richmond and Ranabir Samaddar.
|
| 264 |
|
1 |
|a Oxford :
|b Manchester University Press,
|c 2016.
|
| 264 |
|
3 |
|a Baltimore, Md. :
|b Project MUSE,
|c 2017
|
| 264 |
|
4 |
|c ©2016.
|
| 300 |
|
|
|a 1 online resource (224 pages).
|
| 336 |
|
|
|a text
|b txt
|2 rdacontent
|
| 337 |
|
|
|a computer
|b c
|2 rdamedia
|
| 338 |
|
|
|a online resource
|b cr
|2 rdacarrier
|
| 490 |
0 |
|
|a Manchester International Relations
|
| 505 |
0 |
|
|a Introduction : Cultures of governance and conflict resolution in the EU and India / J. Peter Burgess, Oliver P. Richmond and Ranabir Samaddar -- Investigating the relationship between governance and conflict resolution in India and the EU / Sandra Pogodda, Oliver P. Richmond and Roger Mac Ginty -- Government of peace and resistive subjectivities : autonomy, ethnicity and gender in North-East India and Bosnia-Herzegovina / Atig Ghosh and Elena B. Stavrevska -- Political economy of conflict and peace : governmentality of participation and strategic veto in Bihar and Jharkhand, India / Amit Prakash -- Agency, autonomy and compliance in (post- )conflict situations : perspectives for Jammu and Kashmir, Cyprus and Bosnia-Herzegovina / Elena B. Stavrevska [and others] -- Peace via social justice and/or security / Roger Mac Ginty and Paula Banerjee -- The local is everywhere : a post-colonial reassessment of cultural sensitivity in conflict governance / Kristoffer Liden and Elida K.U. Jacobsen -- Everyday resistance to conflict resolution measures and opportunities for systemic conflict transformation / Janel B. Galvanek and Hans J. Giessmann -- Peacebuilding in India : Meghalaya's experience / Priyankar Upadhyaya and Anjoo Sharan Upadhyaya.
|
| 520 |
8 |
|
|a This volume brings together insights which look at the intersection of governance, culture and conflict resolution in India and the European Union.
|
| 546 |
|
|
|a In English.
|
| 588 |
|
|
|a Description based on print version record.
|
| 650 |
|
7 |
|a Peace-building.
|2 fast
|0 (OCoLC)fst01055902
|
| 650 |
|
7 |
|a POLITICAL SCIENCE / International Relations / General
|2 bisacsh
|
| 650 |
|
7 |
|a SOCIAL SCIENCE
|x General.
|2 bisacsh
|
| 650 |
|
6 |
|a Consolidation de la paix
|z Pays de l'Union europeenne.
|
| 650 |
|
6 |
|a Consolidation de la paix
|z Inde.
|
| 650 |
|
0 |
|a Peace-building
|z European Union countries.
|
| 650 |
|
0 |
|a Peace-building
|z India.
|
| 651 |
|
7 |
|a India.
|2 fast
|0 (OCoLC)fst01210276
|
| 651 |
|
7 |
|a European Union countries.
|2 fast
|0 (OCoLC)fst01269470
|
| 655 |
|
7 |
|a Electronic books.
|2 local
|
| 700 |
1 |
|
|a Samāddāra, Raṇabīra,
|e editor.
|
| 700 |
1 |
|
|a Burgess, J. Peter,
|e editor.
|
| 700 |
1 |
|
|a Richmond, Oliver P.,
|e editor.
|
| 710 |
2 |
|
|a Project Muse.
|e distributor
|
| 830 |
|
0 |
|a Book collections on Project MUSE.
|
| 856 |
4 |
0 |
|z Texto completo
|u https://projectmuse.uam.elogim.com/book/51528/
|
| 945 |
|
|
|a Project MUSE - Custom Collection
|